000 00766nam a2200253Ia 4500
003 OSt
005 20220923223417.0
006 a|||||r|||| 00| 0
007 ta
008 220922b |||||||| |||| 00| 0 hin d
024 _a214,960
037 _cTextual
040 _aARTS
_cARTS
_bhin
041 _2hin
_ahin
082 _aO152,3N12x, M1
100 _aप्रभाकर, विष्णु
245 0 _aखिलौने
246 _aKhilaune
260 _aदिल्ली
_b प्रवीण प्रका0
_c1981
300 _a163 पृ.
_ccm.
650 _aहिन्दी साहित्य
_9156264
942 _hO152,3N12x, M1
_cTEXL
_2CC
999 _c364874
_d364874